Movies Quiz

Random Movies Quiz
Score 0/14 Timer 06:00
0 Plays Today
Performer % Correct
Jack Nicholson
88%
Meryl Streep
86%
Dustin Hoffman
68%
Ralph Fiennes
61.5%
Clark Gable
60%
Robert Redford
50%
Morgan Freeman
50%
Performer % Correct
John Cazale
50%
Diane Keaton
48%
Shirley MacLaine
30%
Talia Shire
26%
Jack Gwillim
16.7%
Marni Nixon
6%
Hugh Griffith
4%
Remove Ads.
Support Sporcle.
Get the best of Sporcle when you Go Orange. This ad-free experience offers more features, more stats, and more fun while also helping to support Sporcle. Thank you for becoming a member.

You're not logged in!

Compare scores with friends on all Sporcle quizzes.
OR
Log In

Show Comments

Extras

Top Quizzes Today


Score Distribution

Your Account Isn't Verified!

In order to create a playlist on Sporcle, you need to verify the email address you used during registration. Go to your Sporcle Settings to finish the process.

Report this User

Report this user for behavior that violates our Community Guidelines.

Details: